<The> Impact of selected factors on VAT revenue development in Slovakia
Vplyv vybraných faktorov na vývoj príjmov z DPH v SR. Vývoj príjmov z DPH je ovplyvňovaný konečnou spotrebou domácností. Vzťah medzi vývojom príjmov z DPH a vývojom základných makroekonomických premenných.
Enregistré dans:
| Auteur principal: | |
|---|---|
| Autres auteurs: | |
| Format: | Chapitre de livre |
| Langue: | anglais |
| Sujets: | |
| Tags: |
Pas de tags, Soyez le premier à ajouter un tag!
|
MARC
| LEADER | 00000naa$a2200000$$$4500 | ||
|---|---|---|---|
| 001 | 0236868 | ||
| 005 | 20240502083633.2 | ||
| 041 | 0 | |a eng | |
| 044 | |a BG | ||
| 245 | 1 | 0 | |a <The> Impact of selected factors on VAT revenue development in Slovakia |c Marcela Rabatinová, Anna Schultzová |
| 520 | |a Vplyv vybraných faktorov na vývoj príjmov z DPH v SR. Vývoj príjmov z DPH je ovplyvňovaný konečnou spotrebou domácností. Vzťah medzi vývojom príjmov z DPH a vývojom základných makroekonomických premenných. | ||
| 610 | 2 | 0 | |a príjmy |
| 610 | 2 | 0 | |a dane z hodnoty pridanej |
| 610 | 2 | 0 | |a dane z príjmov |
| 610 | 2 | 0 | |a spotreba domácností |
| 610 | 2 | 0 | |a spotreba konečná |
| 610 | 2 | 0 | |a Slovensko |
| 100 | 1 | |a Rabatinová, Marcela, 1977- | |
| 700 | 1 | |a Schultzová, Anna | |